From Alexander to Constantine: passages and documents illustrating the history of social an political ideas, 336 B.C.-A.D. 337

Guardat en:
Dades bibliogràfiques
Autor principal: Barker, Ernest (Autor)
Format: Llibre
Idioma:anglès
Publicat: Oxford Clarendon 1956
Matèries:
Etiquetes: Afegir etiqueta
Sense etiquetes, Sigues el primer a etiquetar aquest registre!

MARC

LEADER 00000nam a2200000 a 4500
001 UCP9678
003 CL-VaPUC
008 000331e19560000UK |||||||||||||||||eng|d
082 0 4 |a 300.901  |b BAR  |2 21 
100 0 |a Barker, Ernest  |e author  |9 440410 
245 1 0 |a From Alexander to Constantine: passages and documents illustrating the history of social an political ideas, 336 B.C.-A.D. 337 
300 |a 505 p 
942 |c BK 
945 |d 20000331 00:00:00  |a crobeson 
260 |a Oxford  |b Clarendon  |c 1956 
650 0 |a Historia de las ideas  |9 420996 
650 7 |a FILOSOFIA POLITICA  |2 CL-VaPUC  |9 440411 
650 7 |a PATRIARCAS  |2 CL-VaPUC  |9 399850 
650 0 |a Filosofía griega  |9 265579 
650 0 |a Filosofía latina   |9 346899 
650 7 |a EPICUREISMO  |2 CL-VaPUC  |9 266523 
650 0 |a Filosofía del derecho   |9 255050 
650 0 |a Cristianismo  |9 257361 
583 |a last modification  |c 20160913 03:55:56  |k Rodrigo Vera 
999 |c 286466  |d 286464 
952 |0 0  |1 0  |4 0  |6 300_901000000000000_BAR_1956  |7 0  |8 A  |9 332420  |a BIBHIS  |b BIBHIS  |d 2019-11-20  |i 1398016  |o 300.901 BAR 1956  |p 1398016  |r 2025-01-20  |w 2019-11-20  |y BK  |k HIS